|
|
|
|
| LEADER |
00000nam0a2200000 4500 |
| 001 |
127587 |
| 005 |
20231101220049.0 |
| 020 |
|
|
|a RU
|b 83-52246
|
| 035 |
|
|
|a (RuTPU)RU\TPU\book\138031
|
| 090 |
|
|
|a 127587
|
| 100 |
|
|
|a 20071218d1983 d y0rusy5003 ca
|
| 101 |
1 |
|
|a rus
|c fre
|
| 102 |
|
|
|a RU
|
| 105 |
|
|
|a a z 000ay
|
| 200 |
1 |
|
|a Легенда об Уленшпигеле и Ламме Гудзаке и об их приключениях отважных, забавных и достославных во Фландрии и иных странах
|e [Для среднего и старшего возраста]
|f Ш. де Костер
|g пер. с фр. А. Горнфельд ; авт. предисл. К. Паустовский и С. Сказкин ; худож. Е. Кибрик
|
| 210 |
|
|
|a Москва
|c Детская литература
|d 1983
|
| 215 |
|
|
|a 382 с.
|c ил.
|d 22 см
|
| 610 |
0 |
|
|a Нидерландская буржуазная революция, 16 в. (д. л.)
|
| 610 |
0 |
|
|a Бельгия
|
| 675 |
|
|
|a 84
|z rus
|
| 700 |
|
1 |
|a Костер
|b Ш. Т. А. де
|c бельгийский франкоязычный писатель
|f 1827 - 1879
|g Шарль Теодо́р Анри́ де
|2 stltpush
|3 (RuTPU)RU\TPU\pers\25973
|9 11823
|
| 702 |
|
1 |
|a Горнфельд
|b А.
|4 730
|
| 702 |
|
1 |
|a Паустовский
|b К.
|4 080
|
| 702 |
|
1 |
|a Сказкин
|b С.
|4 080
|
| 702 |
|
1 |
|a Кибрик
|b Е.
|4 440
|
| 702 |
|
1 |
|a Паустовский
|b К. Г.
|c русский писатель
|f 1892-1968
|g Константин Георгиевич
|2 stltpush
|3 (RuTPU)RU\TPU\pers\8202
|9 1599
|
| 801 |
|
0 |
|a RU
|b RuMRKP
|c 19950704
|g psbo
|
| 801 |
|
1 |
|a RU
|b 63413507
|c 20071218
|g PSBO
|
| 801 |
|
2 |
|a RU
|b 63413507
|c 20170403
|g PSBO
|
| 942 |
|
|
|c BK
|